Music Quiz

Random Music Quiz
Score 0/237 Timer 16:00
0 Plays Today
Hint Answer % Correct
the
92.5%
the
92.5%
the
92.5%
a
92.5%
a
92.5%
the
92.5%
the
92.5%
a
92.5%
the
92.5%
a
92.5%
and
92.5%
the
92.5%
and
92.5%
a
92.5%
and
92.5%
and
92.5%
the
92.5%
the
92.5%
and
92.5%
a
92.5%
and
92.5%
a
92.5%
2
90%
two
90%
4
90%
four
90%
2
90%
4
90%
plus
87.5%
is
87.5%
one
87.5%
is
87.5%
i
87.5%
i
87.5%
i
87.5%
i
87.5%
i
87.5%
yo
87.5%
1
87.5%
is
87.5%
i
87.5%
i
87.5%
yo
87.5%
three
85%
3
85%
minus
82.5%
math
80%
that
80%
that
80%
skra
80%
you
77.5%
man
77.5%
man
77.5%
you
77.5%
man
77.5%
you
77.5%
you
77.5%
you
77.5%
ting
77.5%
goes
77.5%
pa
77.5%
pa
77.5%
you
77.5%
quick
75%
on
75%
your
75%
on
75%
on
75%
on
75%
your
75%
your
75%
your
75%
your
75%
see
72.5%
in
72.5%
see
72.5%
in
72.5%
in
72.5%
see
72.5%
Hint Answer % Correct
mans
70%
girl
70%
girl
70%
girl
70%
girl
70%
mans
70%
mans
70%
mans
70%
mans
70%
girl
70%
thats
67.5%
block
67.5%
park
67.5%
no
67.5%
trees
62.5%
smoke
62.5%
everyday
60%
when
60%
quack
60%
quack
60%
quack
60%
my
60%
my
60%
my
60%
boom
60%
boom
60%
when
60%
boom
60%
boom
60%
uckers
57.5%
not
57.5%
ka
57.5%
ka
57.5%
ka
57.5%
ka
57.5%
hold
55%
hold
55%
hold
55%
he
55%
tight
52.5%
got
52.5%
tight
52.5%
got
52.5%
tight
52.5%
4.4
52.5%
44
52.5%
got
52.5%
ducking
50%
asznee
50%
frisbee
50%
dad
50%
im
50%
spin
50%
his
50%
jaw
50%
take
50%
thing
47.5%
went
47.5%
hes
47.5%
hes
47.5%
rice
47.5%
nose
47.5%
nose
47.5%
nose
47.5%
know
47.5%
sauce
47.5%
sauce
47.5%
raw
47.5%
sauce
47.5%
know
47.5%
were
45%
look
45%
at
45%
at
45%
look
45%
gonna
45%
gonna
45%
just
45%
phone
42.5%
Hint Answer % Correct
cornflakes
42.5%
toes
42.5%
like
42.5%
toes
42.5%
it
42.5%
like
42.5%
garden
42.5%
hose
42.5%
out
42.5%
with
42.5%
it
42.5%
was
42.5%
corridor
42.5%
for
42.5%
trap
40%
trap
40%
trap
40%
krispies
40%
him
40%
him
40%
ketchup
40%
skya
40%
done
40%
pumpee
37.5%
whitney
37.5%
10
37.5%
froze
37.5%
door
37.5%
by
37.5%
by
37.5%
road
35%
doin
35%
peng
35%
then
35%
hop
35%
chillin
35%
draw
35%
let
35%
twix
35%
poom
35%
poom
35%
poom
35%
poom
35%
poom
35%
poom
35%
poom
35%
poom
35%
poom
35%
poom
35%
poom
35%
movin
32.5%
pose
32.5%
if
32.5%
she
32.5%
ha
32.5%
force
32.5%
force
32.5%
knows
32.5%
thought
30%
donut
30%
long
30%
still
30%
calling
30%
pap
30%
ghost
25%
what
20%
shop
20%
pom
20%
send
17.5%
gah
17.5%
me
15%
back
15%
come
12.5%
get
10%
protected-ed
7.5%
eh
5%
ok
5%
skidiski
5%
3 & 3ssshhh
2.5%
Remove Ads.
Support Sporcle.
Get the best of Sporcle when you Go Orange. This ad-free experience offers more features, more stats, and more fun while also helping to support Sporcle. Thank you for becoming a member.

You're not logged in!

Compare scores with friends on all Sporcle quizzes.
OR
Log In

Sporcle TV

Today on Sporcle TV


Watch our educational content, quiz creation guides, and fun videos on Sporcle TV.

Show Comments

Extras

Created Nov 23, 2017ReportNominate
Tags:Barack Obama

Top Quizzes Today


Score Distribution

Paid Content

Your Account Isn't Verified!

In order to create a playlist on Sporcle, you need to verify the email address you used during registration. Go to your Sporcle Settings to finish the process.

Report this User

Report this user for behavior that violates our Community Guidelines.

Details: